| 000 | 00633nam a2200169Ia 4500 | ||
|---|---|---|---|
| 005 | 20260603120908.0 | ||
| 008 | 260603s9999||||xx |||||||||||||| ||und|| | ||
| 020 | _a9788196349080 | ||
| 020 | _qhb | ||
| 082 |
_a891.44 _bSWA |
||
| 100 | _aস্বামী চেতনানন্দ = Swami Chetanananda | ||
| 245 | 0 | _aধ্যানলোকা শ্রী মা সারদা দেবী = Dhyanaloke sri ma Sarada devi [in Bengali] | |
| 260 |
_aকলকাতা = Kolkata _bরামকৃষ্ণ মঠ = Ramakrishna Math _c2024 |
||
| 300 | _a216p. ; 22cm. | ||
| 653 | _aBengali Language--Literature | ||
| 942 | _cBK | ||
| 999 |
_c57073 _d57073 |
||